Healthy respect : ethics in health care /

Bibliographic Details
Main Author: Downie, R. S. (Robert Silcock), 1933-
Other Authors: Calman, Kenneth C. (Kenneth Charles)
Format: Book
Language:English
Published: London ; Boston : Faber, 1987.
Subjects:

MARC

Tag First Indicator Second Indicator Subfields
LEADER 00000cam a2200000 a 4500
001 in00000016443
005 20151007052756.0
008 870401s1987 enka b 00110 eng d
010 |a gb 86023251  
015 |a GB86-23251 
020 |a 0571145035 (pbk) :  |c £5.95 
035 |a (OCoLC)14168726 
035 |9 AAA9133AM 
040 |a UKM  |c UKM  |d TXA  |d UtOrBLW 
049 |a TXAM  |c [A11071192] 
050 4 |a R724  |b .D68 1987 
080 |a 61:17 
082 0 |a 174/.2  |2 19 
100 1 |a Downie, R. S.  |q (Robert Silcock),  |d 1933- 
245 1 0 |a Healthy respect :  |b ethics in health care /  |c R.S. Downie and K.C. Calman with a contribution from Ruth A.K. Schröck /  |c forword by Sir Malcolm MacNaughton. 
264 1 |a London ;  |a Boston :  |b Faber,  |c 1987. 
300 |a xiv, 266 pages ;  |c 20 cm. 
336 |a text  |b txt  |2 rdacontent 
337 |a unmediated  |b n  |2 rdamedia 
338 |a volume  |b nc  |2 rdacarrier 
500 |a Includes index. 
504 |a Bibliography: pages [257]-261. 
650 0 |a Medical ethics. 
653 |a Medicine  |a Ethical aspects 
700 1 |a Calman, Kenneth C.  |q (Kenneth Charles) 
999 |a MARS 
999 f f |s 0f33e9a7-a9fe-32a7-80d6-3d9dbb231ae2  |i 2807f067-c871-3a7d-b6d7-f4e0bc074965  |t 0 
952 f f |p ric  |a Texas A&M University  |b Rellis Campus  |c Joint Library Facility  |d Remote Storage  |t 0  |e R724 .D68 1987  |h Library of Congress classification  |i unmediated -- volume  |m A14811071192 
998 f f |a R724 .D68 1987  |t 0  |l Remote Storage